| 000 -LEADER |
| fixed length control field |
03142nam a22005775i 4500 |
| 001 - CONTROL NUMBER |
| control field |
978-3-030-97715-3 |
| 003 - CONTROL NUMBER IDENTIFIER |
| control field |
DE-He213 |
| 005 - DATE AND TIME OF LATEST TRANSACTION |
| control field |
20250103112325.0 |
| 007 - PHYSICAL DESCRIPTION FIXED FIELD--GENERAL INFORMATION |
| fixed length control field |
cr nn 008mamaa |
| 008 - FIXED-LENGTH DATA ELEMENTS--GENERAL INFORMATION |
| fixed length control field |
220325s2022 sz | s |||| 0|eng d |
| 020 ## - INTERNATIONAL STANDARD BOOK NUMBER |
| International Standard Book Number |
9783030977153 |
| -- |
978-3-030-97715-3 |
| 024 ## - OTHER STANDARD IDENTIFIER |
| Standard number or code |
10.1007/978-3-030-97715-3 |
| Source of number or code |
doi |
| 050 ## - LIBRARY OF CONGRESS CALL NUMBER |
| Classification number |
TJ212-225 |
| 072 ## - SUBJECT CATEGORY CODE |
| Subject category code |
TJFM |
| Source |
bicssc |
| 072 ## - SUBJECT CATEGORY CODE |
| Subject category code |
GPFC |
| Source |
bicssc |
| 072 ## - SUBJECT CATEGORY CODE |
| Subject category code |
TEC007000 |
| Source |
bisacsh |
| 072 ## - SUBJECT CATEGORY CODE |
| Subject category code |
TJFM |
| Source |
thema |
| 082 ## - DEWEY DECIMAL CLASSIFICATION NUMBER |
| Classification number |
629.8312 |
| Edition number |
23 |
| 082 ## - DEWEY DECIMAL CLASSIFICATION NUMBER |
| Classification number |
003 |
| Edition number |
23 |
| 100 ## - MAIN ENTRY--PERSONAL NAME |
| Personal name |
Lazarowska, Agnieszka. |
| Relator term |
author. |
| Relationship |
aut |
| -- |
http://id.loc.gov/vocabulary/relators/aut |
| 245 ## - TITLE STATEMENT |
| Title |
Safe Trajectory Planning for Maritime Surface Ships |
| Medium |
[electronic resource] / |
| Statement of responsibility, etc. |
by Agnieszka Lazarowska. |
| 250 ## - EDITION STATEMENT |
| Edition statement |
1st ed. 2022. |
| 260 ## - PUBLICATION, DISTRIBUTION, ETC. |
| Place of publication, distribution, etc. |
Cham : |
| Name of publisher, distributor, etc. |
Springer International Publishing : |
| -- |
Imprint: Springer, |
| Date of publication, distribution, etc. |
2022. |
| 300 ## - PHYSICAL DESCRIPTION |
| Extent |
XV, 185 p. 162 illus., 91 illus. in color. |
| Other physical details |
online resource. |
| 336 ## - CONTENT TYPE |
| Content type term |
text |
| Content type code |
txt |
| Source |
rdacontent |
| 337 ## - MEDIA TYPE |
| Media type term |
computer |
| Media type code |
c |
| Source |
rdamedia |
| 338 ## - CARRIER TYPE |
| Carrier type term |
online resource |
| Carrier type code |
cr |
| Source |
rdacarrier |
| 347 ## - DIGITAL FILE CHARACTERISTICS |
| File type |
text file |
| Encoding format |
PDF |
| Source |
rda |
| 490 ## - SERIES STATEMENT |
| Series statement |
Springer Series on Naval Architecture, Marine Engineering, Shipbuilding and Shipping, |
| International Standard Serial Number |
2194-8453 ; |
| Volume/sequential designation |
13 |
| 505 ## - FORMATTED CONTENTS NOTE |
| Formatted contents note |
Introduction -- Problem definition -- Methodology for safe trajectory planning -- Deterministic algorithms -- Non-deterministic algorithms -- Registration of navigational data -- Evaluation of algorithms. |
| 520 ## - SUMMARY, ETC. |
| Summary, etc. |
This book offers a comprehensive review of collision avoidance techniques and safe trajectory planning for manned and unmanned ships, together with extensive information on how to develop and implement algorithms for applications in real-world settings. It describes the most relevant decision-support systems and guidance systems used in the control of marine craft, giving a special emphasis to autonomous vehicles, but also covering manned ones. Thanks to its good balance of theory and practice, and the inclusion of basic explanations of all essential concepts, this book fills an important gap in the literature of marine navigation, providing not only researchers and practitioners with a timely reference guide to safe trajectory planning, but also supporting students and newcomers to the field. |
| 650 ## - SUBJECT ADDED ENTRY--TOPICAL TERM |
| Topical term or geographic name entry element |
Control engineering. |
| 650 ## - SUBJECT ADDED ENTRY--TOPICAL TERM |
| Topical term or geographic name entry element |
Marine engineering. |
| 650 ## - SUBJECT ADDED ENTRY--TOPICAL TERM |
| Topical term or geographic name entry element |
Machine learning. |
| 650 ## - SUBJECT ADDED ENTRY--TOPICAL TERM |
| Topical term or geographic name entry element |
Robotics. |
| 650 ## - SUBJECT ADDED ENTRY--TOPICAL TERM |
| Topical term or geographic name entry element |
Control and Systems Theory. |
| 650 ## - SUBJECT ADDED ENTRY--TOPICAL TERM |
| Topical term or geographic name entry element |
Marine Engineering. |
| 650 ## - SUBJECT ADDED ENTRY--TOPICAL TERM |
| Topical term or geographic name entry element |
Machine Learning. |
| 650 ## - SUBJECT ADDED ENTRY--TOPICAL TERM |
| Topical term or geographic name entry element |
Robotic Engineering. |
| 710 ## - ADDED ENTRY--CORPORATE NAME |
| Corporate name or jurisdiction name as entry element |
SpringerLink (Online service) |
| 773 ## - HOST ITEM ENTRY |
| Title |
Springer Nature eBook |
| 776 ## - ADDITIONAL PHYSICAL FORM ENTRY |
| Relationship information |
Printed edition: |
| International Standard Book Number |
9783030977146 |
| 776 ## - ADDITIONAL PHYSICAL FORM ENTRY |
| Relationship information |
Printed edition: |
| International Standard Book Number |
9783030977160 |
| 776 ## - ADDITIONAL PHYSICAL FORM ENTRY |
| Relationship information |
Printed edition: |
| International Standard Book Number |
9783030977177 |
| 830 ## - SERIES ADDED ENTRY--UNIFORM TITLE |
| Uniform title |
Springer Series on Naval Architecture, Marine Engineering, Shipbuilding and Shipping, |
| International Standard Serial Number |
2194-8453 ; |
| Volume/sequential designation |
13 |
| 856 ## - ELECTRONIC LOCATION AND ACCESS |
| Uniform Resource Identifier |
<a href="https://doi.org/10.1007/978-3-030-97715-3">https://doi.org/10.1007/978-3-030-97715-3</a> |
| 912 ## - |
| -- |
ZDB-2-INR |
| 912 ## - |
| -- |
ZDB-2-SXIT |